Puntos centrales de la fe / (Record no. 171957)

MARC details
000 -LEADER
campo de control de longitud fija 00816nam a2200241 i 4500
001 - NÚMERO DE CONTROL
campo de control 171957
003 - IDENTIFICADOR DE NÚMERO DE CONTROL
campo de control ES-MaACL
005 - FECHA Y HORA DE LA ÚLTIMA TRANSACCIÓN
campo de control 20250808062820.0
008 - DATOS DE LONGITUD FIJA--INFORMACIÓN GENERAL
campo de control de longitud fija 090609s1985 sp |||| | spa d
017 ## - NÚMERO DE COPYRIGHT O DE DEPÓSITO LEGAL
Número de copyright o de depósito legal M 15511-1985
020 ## - NÚMERO INTERNACIONAL ESTÁNDAR DEL LIBRO
Número Internacional Estándar del Libro 84-220-1186-7
100 0# - ENTRADA PRINCIPAL--NOMBRE DE PERSONA
Nombre de persona Balthasar, Hans Urs von.
9 (RLIN) 25129
245 10 - MENCIÓN DEL TÍTULO
Título Puntos centrales de la fe /
Mención de responsabilidad, etc. por Hans Urs von Balthasar ; [traducción por José Luis Albizu].
260 ## - PUBLICACIÓN, DISTRIBUCIÓN, ETC.
Lugar de publicación, distribución, etc. Madrid :
Nombre del editor, distribuidor, etc. La Editorial Católica,
Fecha de publicación, distribución, etc. 1985.
300 ## - DESCRIPCIÓN FÍSICA
Extensión XIII, 395 p., 1 h. ;
Dimensiones 20 cm.
490 1# - MENCIÓN DE SERIE
Mención de serie Biblioteca de autores cristianos ;
Designación de volumen o secuencia 464
594 ## - Nota al título y mención de responsabilidad
Nota al título y mención de responsabilidad Traducción de : Zentren des Glaubens.
700 0# - ENTRADA AGREGADA--NOMBRE PERSONAL
Nombre de persona Albizu, José Luis.
9 (RLIN) 19396
830 00 - PUNTO DE ACCESO ADICIONAL DE SERIE-TÍTULO UNIFORME
Título uniforme Biblioteca de autores cristianos
Designación de volumen o secuencia 464
9 (RLIN) 178679
852 ## - LOCALIZACIÓN
Ubicación ES-MaACL
Número de control de estantería J-453
itemnumber R.46092
Holdings
Estatus retirado Estado de pérdida Estado de daño No para préstamo Biblioteca de origen Biblioteca actual Ubicación en estantería Fecha de adquisición Fuente de adquisición Total de préstamos Signatura topográfica completa Código de barras Visto por última vez Precio de reemplazo Tipo de ítem Koha
        Biblioteca del Ateneo de Madrid Biblioteca del Ateneo de Madrid Depósito 2 09/06/2009     J-453 1180462 23/02/2023 23/02/2023 Libro impreso